X-Men/Avengers. Onslaught. #2 / writers, Jeph ... Read More
Available copies
- 2 of 2 copies available at LARL/NWRL Consortium.
- 2 of 2 copies available at Lake Agassiz Regional Library. (Show preferred library)
Current holds
0 current holds with 2 total copies.
Show Only Available Copies
| Location | Call Number / Copy Notes | Barcode | Shelving Location | Status | Due Date |
|---|---|---|---|---|---|
| Bagley Public Library | Y G XME (Text) | 33500013349048 | Main | Available | - |
| Moorhead Public Library | Y G XME (Text) | 33500013349055 | Main | Available | - |
Record details
- ISBN: 9781302923990
- ISBN: 1302923994
- Physical Description: 1 volume (unpaged) color illustrations 26 cm
- Publisher: New York, NY : Marvel Worldwide Inc., a subsidiary of Marvel Entertainment, LLC, [2020]
Content descriptions
| General Note: | "Contains material originally published in magazine form as Cable (1993) 34-35, Incredible Hulk ... Read More Chiefly illustrations. |
| Summary, etc.: | "The shocking saga continues - as Onslaught's ... Read More |
Search for related items by subject
| Genre: | Comics (Graphic works) Comics (Graphic works) |
Search for related items by series
| LDR | 02895cam a2200481Mi 4500 | ||
|---|---|---|---|
| 001 | 360432 | ||
| 003 | LARL_NWRL_CONSORTIUM | ||
| 005 | 20210223200156.0 | ||
| 008 | 201014s2020 nyua 6 000 0 eng d | ||
| 040 | . | ‡aHQD ‡beng ‡erda ‡erda ‡cHQD ‡dOCLCO ‡dOCLCF | |
| 020 | . | ‡a9781302923990 ‡qpbk | |
| 020 | . | ‡a1302923994 | |
| 035 | . | ‡a(OCoLC)1227878700 | |
| 082 | 0 | 4. | ‡a741.5/973 ‡223 |
| 245 | 0 | 0. | ‡aX-Men/Avengers. ‡pOnslaught. ‡p#2 / ‡cwriters, Jeph Loeb, Peter David, Larry Hama, Howard Mackie, Tom DeFalco, Terry Kavanagh, Mark Waid & Scott Lobdell ; pencillers, Ian Churchill, Angel Medina, Val Semeiks, Jeff Matsuda, Stephano Raffaele, Mark Bagley, John Romiya Jr., Josh Hood, Steve Skroce, Anthony Castrillo [and 4 others]. |
| 246 | 3 | . | ‡aOnslaught. ‡p2 |
| 264 | 1. | ‡aNew York, NY : ‡bMarvel Worldwide Inc., a subsidiary of Marvel Entertainment, LLC, ‡c[2020] | |
| 300 | . | ‡a1 volume (unpaged) ‡bcolor illustrations ‡c26 cm | |
| 336 | . | ‡atext ‡btxt ‡2rdacontent | |
| 337 | . | ‡aunmediated ‡bn ‡2rdamedia | |
| 338 | . | ‡avolume ‡bnc ‡2rdacarrier | |
| 380 | . | ‡aBook ‡2tlcgt | |
| 380 | . | ‡aComic or graphic novel ‡2marcgt | |
| 385 | . | ‡aGeneral ‡2tlctarget | |
| 385 | . | ‡aAny audience ‡2marctarget | |
| 490 | 0 | . | ‡aX-Men/Avengers ; ‡v2 |
| 500 | . | ‡a"Contains material originally published in magazine form as Cable (1993) 34-35, Incredible Hulk (1968) 444-445, Wolverine (1988) 104, X-Factor (1986) 125-126, Amazing Spider-Man (1963) 415, Green Goblin (1995) 12, Spider-Man (1990) 72, X-Man (1995) 18- 19, X-Force (1991) 57-58, X-Men (1991) 55, Uncanny X-Men (1981) 336, Iron Man (1968) 332. | |
| 500 | . | ‡aChiefly illustrations. | |
| 520 | . | ‡a"The shocking saga continues - as Onslaught's unnerving origin is revealed! How can the X-Men defeat a threat that strikes from their very heart? As X-Factor battles a mind controlled Havok to save the Beast, X-Force defends X-Man from the manipulative Mister Sinister! And Cable and Storm must reckon with Onslaught's most incredible pawn of all - the Hulk! But can the X-Men, Avengers and Fantastic Four find a way to free Franklin Richards from the deadly Onslaught's grasp"--. ‡cProvided by publisher. | |
| 655 | 7. | ‡aComics (Graphic works) ‡2fast | |
| 655 | 7. | ‡aComics (Graphic works) ‡2lcgft | |
| 700 | 1 | . | ‡aLoeb, Jeph, ‡eAuthor. ‡0(LARL_NWRL_CONSORTIUM)121300 |
| 700 | 1 | . | ‡aDavid, Peter ‡q(Peter Allen), ‡eAuthor. ‡0(LARL_NWRL_CONSORTIUM)117899 |
| 700 | 1 | . | ‡aHama, Larry, ‡eAuthor. ‡0(LARL_NWRL_CONSORTIUM)183974 |
| 700 | 1 | . | ‡aMackie, Howard, ‡eAuthor. |
| 700 | 1 | . | ‡aDeFalco, Tom, ‡eAuthor. ‡0(LARL_NWRL_CONSORTIUM)99607 |
| 700 | 1 | . | ‡aChurchill, Ian, ‡eArtist ‡eIllustrator. |
| 700 | 1 | . | ‡aMedina, Ángel, ‡eArtist. |
| 700 | 1 | . | ‡aSemeiks, Val, ‡eArtist ‡eIllustrator. |
| 700 | 1 | . | ‡aMatsuda, Jeff, ‡eArtist ‡eIllustrator. |
| 700 | 1 | . | ‡aRaffaele, Stefano, ‡d1970- ‡eArtist. |
| 901 | . | ‡a360432 ‡b ‡c360432 ‡tbiblio | |

Add to basket
Permalink
Disable Highlighting